000
00295nam a22001337a 4500
008
170502b xxu||||| |||| 00| 0 eng d
020
_a
9781422422069
041
_a
eng
080
_a
34
100
_a
13
101
_a
SHJ
245
_a
FEDERAL CONSTITUTIONAL LAW
_c
ODOM.TH.H
942
_2
udc
_c
BK
999
_c
12476
_d
12476